16 Meest voorkomende Vogels in Nederland - Statistieken

Algemene statistieken
  • Deze quiz is 24 keer genomen
  • De gemiddelde score is 9 van 16
Antwoordstatistieken
Foto Antwoord % Correct
Merel
95%
Roodborst
90%
Huismus
81%
Koolmees
76%
Pimpelmees
76%
Houtduif
71%
Kauw
67%
Spreeuw
67%
Vink
57%
Kievit
52%
Tjiftjaf
38%
Wilde eend
38%
Winterkoning
38%
Heggenmus
29%
Zwartkop
24%
Fitis
14%
Geen overeenkomende quizzen gevonden
Scoreverdeling
Procent van Mensen met Elke Score
Percentiel versus Aantal Correcte Antwoorden
Uw Scoregeschiedenis
U heeft deze quiz nog niet genomen